| 000 | 05572cam a22004694a 4500 | ||
|---|---|---|---|
| 001 | 15327829 | ||
| 003 | OSt | ||
| 005 | 20150408114045.0 | ||
| 008 | 120623s2010 paua | b 001 0 eng | ||
| 020 | _a9781416059400 | ||
| 020 | _a1416059407 | ||
| 020 | _a9780808924166 (International ed.) | ||
| 020 | _a0808924168 (International ed.) | ||
| 040 | _cMU | ||
| 082 | 0 | 0 |
_a618 H A M _222 |
| 245 | 0 | 0 |
_aHacker and Moore's essentials of obstetrics and gynecology / _c[edited by] Neville F. Hacker, Joseph C. Gambone, Calvin J. Hobel. |
| 246 | 3 | 0 | _aEssentials of obstetrics and gynecology |
| 250 | _a5th ed. | ||
| 260 |
_aPhiladelphia, PA : _bSaunders/Elsevier, _cc2010. |
||
| 300 |
_axvi, 475 p. : _bill. (chiefly col.) ; _c26 cm. |
||
| 500 | _a"A student Consult title"--Cover. | ||
| 500 | _aRev. ed. of: Essentials of obstetrics and gynecology / [edited by] Neville F. Hacker, J. George Moore, Joseph C. Gambone. 4th ed. c2004. | ||
| 504 | _aIncludes bibliographical references and index. | ||
| 505 | 0 | 0 |
_gPart I: Introduction -- _tA life-course perspective for women's health care: safe, ethical, and effective practice / _rCalvin J. Hobel, Michael C. Lu, and Joseph C. Gambone -- _tClinical approach to the patient / _rJoseph C. Gambone -- _tFemale reproductive anatomy and embryology / _rJoseph C. Gambone -- _tFemale reproductive physiology / _rJoseph C. Gambone -- |
| 505 | 0 | 0 |
_gPart II: Obstetrics -- _tEndocrinology of pregnancy and parturition / _rMichael C. Lu and Calvin J. Hobel -- _tMaternal physiologic and immunologic adaptation to pregnancy / _rBrian J. Koos, Daniel A. Kahn, and Ozlem Equils -- _tAntepartum care: preconception and prenatal care, genetic evaluation and teratology, and antenatal fetal assessment / _rMichael C. Lu, John Williams III, and Calvin J. Hobel -- _tNormal labor, delivery, and postpartum care: anatomic considerations, obstetric analgesia and anesthesia, and resuscitation of the newborn / _rCalvin J. Hobel and Mark Zakowski -- _tFetal surveillance during labor / _rRichard A. Bashore and Brian J. Koos -- _tObstetric hemorrhage and puerperal sepsis / _rMatthew Kim, Robert H. Hayashi, and Joseph C. Gambone -- _tUterine contractility and dystocia / _rRichard A. Bashore, Dotun Ogunyemi, and Robert H. Hayashi -- _tObstetric complications: preterm labor, PROM, IUGR, postterm pregnancy, and IUFD / _rCalvin J. Hobel -- _tMultifetal gestation and malpresentation / _rMaryam Tarsa and Thomas R. Moore -- _tHypertensive disorders of pregnancy / _rLony C. Castro -- _tRhesus isoimmunization / _rLony C. Castro -- _tCommon medical and surgical conditions complicating pregnancy / _rLony C. Castro and Dotun Ogunyemi -- _tObstetric procedures / _rGladys A. Ramos and Thomas R. Moore -- |
| 505 | 0 | 0 |
_gPart III: Gynecology -- _tCongenital anomalies and benign conditions of the vulva and vagina / _rAnita L. Nelson and Joseph C. Gambone -- _tCongenital anomalies and benign conditions of the uterine corpus and cervix / _rAnita L. Nelson and Joseph C. Gambone -- _tCongenital anomalies and benign conditions of the ovaries and fallopian tubes / _rAnita L. Nelson and Joseph C. Gambone -- _tPelvic pain / _rAndrea J. Rapkin and Joseph C. Gambone -- _tVulvovaginitis, sexually transmitted infections, and pelvic inflammatory disease / _rJames A. McGregor and Joel B. Lench -- _tGenitourinary dysfunction: pelvic organ prolapse, urinary incontinence, and infections / _rChristopher M. Tarnay and Narender N. Bhatia -- _tEctopic pregnancy / _rMousa Shamonki, Anita L. Nelson, and Joseph C. Gambone -- _tEndometriosis and adenomyosis / _rJoseph C. Gambone -- _tFamily planning: reversible contraception, sterilization, and abortion / _rAnita L. Nelson -- _tSexuality and female sexual dysfunction / _rJoseph C. Gambone -- _tFamily and intimate partner violence, and sexual assault / _rBruce B. Ettinger and Joseph C. Gambone -- _tBreast disease: a gynecologic perspective / _rNeville F. Hacker and Michael L. Friedlander -- _tGynecologic procedures / _rJoseph C. Gambone -- |
| 505 | 0 | 0 |
_gPart IV: Reproductive endocrinology and infertility -- _tPuberty and disorders of pubertal development / _rMargareta D. Pisarska ... [et al.] -- _tAmenorrhea, oligomenorrhea, and hyperandrogenic disorders / _rCarolyn J. Alexander ... [et al.] -- _tDysfunctional uterine bleeding / _rJoseph C. Gambone -- _tInfertility and assisted reproductive technologies / _rDavid R. Meldrum -- _tClimacteric: menopause and peri- and postmenopause / _rLarry R. Laufer and Joseph C. Gambone -- _tMenstrual cycle-influenced disorders / _rLarry R. Laufer and Joseph C. Gambone -- |
| 505 | 0 | 0 |
_gPart V: Gynecologic oncology -- _tPrinciples of cancer therapy / _rNeville F. Hacker -- _tCervical dysplasia and cancer / _rNeville F. Hacker -- _tOvarian cancer / _rJonathan S. Berek -- _tVulvar and vaginal cancer / _rNeville F. Hacker -- _tUterine corpus cancer / _rNeville F. Hacker -- _tGestational trophoblastic neoplasia / _rJonathan S. Berek. |
| 650 | 4 |
_aGynecology. _915876 |
|
| 650 | 4 | _aObstetrics. | |
| 650 | 4 | _aObstetrics. | |
| 650 | 4 | _aGenital Diseases, Female. | |
| 650 | 4 | _aPregnancy Complications. | |
| 700 | 1 |
_aHacker, Neville F. _915945 |
|
| 700 | 1 |
_aGambone, Joseph C. _915946 |
|
| 700 | 1 |
_aHobel, Calvin J. _915947 |
|
| 730 | 0 |
_aEssentials of obstetrics and gynecology. _915948 |
|
| 856 | 4 | 1 |
_3Table of contents only _uhttp://www.loc.gov/catdir/toc/ecip0820/2008025860.html |
| 906 |
_a7 _bcbc _corignew _d1 _eecip _f20 _gy-gencatlg |
||
| 942 |
_2ddc _cDVD |
||
| 999 |
_c24178 _d258678 |
||